21 m2 de Mujer
Un libro que recorre la obra de la Ana Gallart, una artista plástica. Su obra aborda el tema de la mujer y su entorno. Buenos Aires, Florencia, Milán, Barcelona y Nueva York son algunas de las ciudades donde fue invitada a exponer en muestras y eventos culturales.Sus cuadros forman parte de varias c...
| Autor principal: | |
|---|---|
| Formato: | Desconocido |
| Idioma: | Indeterminado |
| Publicado: |
Argentina
Argentina
2019-07-19 08:13:00
|
| Acceso en línea: | Texto completo |
MARC
| LEADER | 00000 a2200000 4500 | ||
|---|---|---|---|
| 001 | ALPHAC_445758 | ||
| 003 | XX-XxUND | ||
| 008 | s2019 xx |||||||||||| ||||und d | ||
| 020 | |a 9789878347127 | ||
| 035 | |a 9789878347127 | ||
| 100 | 1 | |a Gallart, A. |e author | |
| 245 | 1 | |a 21 m2 de Mujer | |
| 260 | |a Argentina |b Argentina |c 2019-07-19 08:13:00 | ||
| 300 | |a 49 | ||
| 520 | |a Un libro que recorre la obra de la Ana Gallart, una artista plástica. Su obra aborda el tema de la mujer y su entorno. Buenos Aires, Florencia, Milán, Barcelona y Nueva York son algunas de las ciudades donde fue invitada a exponer en muestras y eventos culturales.Sus cuadros forman parte de varias colecciones públicas y privadas. | ||
| 754 | 1 | |a category |c Ciencias Sociales | |
| 856 | 4 | |u https://alphaeditorialcloud.uam.elogim.com/reader/21-m2-de-mujer |z Texto completo | |


